| 000 | 00518nam a2200109Ia 4500 | ||
|---|---|---|---|
| 008 | 171212s9999 xx 000 0 und d | ||
| 100 | _aHarris, Katherine M.;Uscher-Pines, Lori;Mattke, Soeren;Kellermann, Arthur L. | ||
| 245 |
_cHarris, Katherine M.;Uscher-Pines, Lori;Mattke, Soeren;Kellermann, Arthur L. _aA Blueprint for Improving the Promotion and Delivery of Adult Vaccination in the United States |
||
| 260 |
_bRAND Corporation _c2012 |
||
| 650 | _aHealth Sciences | ||
| 856 | _uwww.jstor.org/stable/10.7249/tr1169gsk | ||
| 999 |
_c351633 _d351633 |
||